000
00290nam a22001337a 4500
008
180926b xxu||||| |||| 00| 0 eng d
020
_a
o801619297
041
_a
eng
080
_a
618
100
_a
9
101
_a
gji
245
_a
comprehensive gynecology
_c
william.d
942
_2
udc
_c
BK
999
_c
48509
_d
48509